<?xml version="1.0" encoding="UTF-8"?>
<record
    xmlns:xsi="http://www.w3.org/2001/XMLSchema-instance"
    xsi:schemaLocation="http://www.loc.gov/MARC21/slim http://www.loc.gov/standards/marcxml/schema/MARC21slim.xsd"
    xmlns="http://www.loc.gov/MARC21/slim">

  <leader>01262cam a22002054a 4500</leader>
  <datafield tag="999" ind1=" " ind2=" ">
    <subfield code="c">58063</subfield>
    <subfield code="d">58063</subfield>
  </datafield>
  <controlfield tag="001">13175607</controlfield>
  <controlfield tag="005">20210604115527.0</controlfield>
  <controlfield tag="008">030425s2003    nyua     b    001 0 eng  </controlfield>
  <datafield tag="020" ind1=" " ind2=" ">
    <subfield code="a">9780891288695</subfield>
  </datafield>
  <datafield tag="041" ind1=" " ind2=" ">
    <subfield code="a">eng</subfield>
  </datafield>
  <datafield tag="080" ind1=" " ind2=" ">
    <subfield code="a">364.694+371 C-69</subfield>
  </datafield>
  <datafield tag="245" ind1="0" ind2="0">
    <subfield code="a">Collaborative assessment :</subfield>
    <subfield code="b">working with students who are blind or visually impaired, including those with additional disabilities /</subfield>
    <subfield code="c">edited by Stephen A. Goodman and Stuart H. Wittenstein.</subfield>
  </datafield>
  <datafield tag="264" ind1=" " ind2=" ">
    <subfield code="a">New York, N.Y. :</subfield>
    <subfield code="b">AFB Press,</subfield>
    <subfield code="c">2003.</subfield>
  </datafield>
  <datafield tag="300" ind1=" " ind2=" ">
    <subfield code="a">430 p. :</subfield>
    <subfield code="b">ill. ;</subfield>
    <subfield code="c">25 cm.</subfield>
  </datafield>
  <datafield tag="653" ind1=" " ind2=" ">
    <subfield code="a">&#x440;&#x430;&#x431;&#x43E;&#x442;&#x430; &#x441;&#x43E; &#x441;&#x43B;&#x435;&#x43F;&#x44B;&#x43C;&#x438; &#x438;&#x43B;&#x438; &#x441;&#x43B;&#x430;&#x431;&#x43E;&#x432;&#x438;&#x434;&#x44F;&#x449;&#x438;&#x43C;&#x438; &#x443;&#x447;&#x435;&#x43D;&#x438;&#x43A;&#x430;&#x43C;&#x438;, &#x432; &#x442;&#x43E;&#x43C; &#x447;&#x438;&#x441;&#x43B;&#x435; &#x441; &#x434;&#x43E;&#x43F;&#x43E;&#x43B;&#x43D;&#x438;&#x442;&#x435;&#x43B;&#x44C;&#x43D;&#x44B;&#x43C;&#x438; &#x43E;&#x433;&#x440;&#x430;&#x43D;&#x438;&#x447;&#x435;&#x43D;&#x43D;&#x44B;&#x43C;&#x438; &#x432;&#x43E;&#x437;&#x43C;&#x43E;&#x436;&#x43D;&#x43E;&#x441;&#x442;&#x44F;&#x43C;&#x438;</subfield>
  </datafield>
  <datafield tag="653" ind1=" " ind2=" ">
    <subfield code="a">&#x10E3;&#x10E1;&#x10D8;&#x10DC;&#x10D0;&#x10D7;&#x10DA;&#x10DD; &#x10D0;&#x10DC; &#x10DB;&#x10EE;&#x10D4;&#x10D3;&#x10D5;&#x10D4;&#x10DA;&#x10DD;&#x10D1;&#x10D8;&#x10E1; &#x10D3;&#x10D0;&#x10E5;&#x10D5;&#x10D4;&#x10D8;&#x10D7;&#x10D4;&#x10D1;&#x10E3;&#x10DA;&#x10D8; &#x10E1;&#x10E2;&#x10E3;&#x10D3;&#x10D4;&#x10DC;&#x10E2;&#x10D4;&#x10D1;&#x10D7;&#x10D0;&#x10DC; &#x10DB;&#x10E3;&#x10E8;&#x10D0;&#x10DD;&#x10D1;&#x10D0;, &#x10DB;&#x10D0;&#x10D7; &#x10E8;&#x10DD;&#x10E0;&#x10D8;&#x10E1; &#x10D3;&#x10D0;&#x10DB;&#x10D0;&#x10E2;&#x10D4;&#x10D1;&#x10D8;&#x10D7;&#x10D8; &#x10E8;&#x10D4;&#x10D6;&#x10E6;&#x10E3;&#x10D3;&#x10E3;&#x10DA;&#x10D8; &#x10E8;&#x10D4;&#x10E1;&#x10D0;&#x10EB;&#x10DA;&#x10D4;&#x10D1;&#x10DA;&#x10DD;&#x10D1;&#x10D8;&#x10E1; &#x10DB;&#x10E5;&#x10DD;&#x10DC;&#x10D4; &#x10DE;&#x10D8;&#x10E0;&#x10D4;&#x10D1;&#x10D8;</subfield>
  </datafield>
  <datafield tag="700" ind1="1" ind2=" ">
    <subfield code="a">Goodman, Stephen A.</subfield>
    <subfield code="e">&#x10E0;&#x10D4;&#x10D3;&#x10D0;&#x10E5;&#x10E2;&#x10DD;&#x10E0;&#x10D8;</subfield>
    <subfield code="9">11955</subfield>
  </datafield>
  <datafield tag="700" ind1="1" ind2=" ">
    <subfield code="a">Wittenstein, Stuart H.</subfield>
    <subfield code="e">&#x10E0;&#x10D4;&#x10D3;&#x10D0;&#x10E5;&#x10E2;&#x10DD;&#x10E0;&#x10D8;</subfield>
    <subfield code="9">11956</subfield>
  </datafield>
  <datafield tag="942" ind1=" " ind2=" ">
    <subfield code="2">udc</subfield>
    <subfield code="c">BK</subfield>
  </datafield>
  <datafield tag="952" ind1=" " ind2=" ">
    <subfield code="0">0</subfield>
    <subfield code="1">0</subfield>
    <subfield code="2">udc</subfield>
    <subfield code="4">0</subfield>
    <subfield code="6">364694371_C69</subfield>
    <subfield code="7">0</subfield>
    <subfield code="9">90339</subfield>
    <subfield code="a">CPL</subfield>
    <subfield code="b">CPL</subfield>
    <subfield code="c">GEN</subfield>
    <subfield code="d">2021-06-04</subfield>
    <subfield code="g">246.00</subfield>
    <subfield code="o">364.694+371 C-69</subfield>
    <subfield code="p">61354</subfield>
    <subfield code="r">2021-06-04</subfield>
    <subfield code="t">61354</subfield>
    <subfield code="w">2021-06-04</subfield>
    <subfield code="y">BK</subfield>
    <subfield code="z">246 &#x10DA;.</subfield>
  </datafield>
</record>
